Differential- und Integralrechnung für Funktionen mit einer Variablen
Na minha lista:
| Autor principal: | |
|---|---|
| Outros Autores: | |
| Formato: | Livro |
| Idioma: | alemão |
| Publicado em: |
Leipzig
Teubner
1984
|
| Edição: | 5. bearb. Aufl. |
| Colecção: | Mathematik für Ingenieure, Naturwissenschaftler, Ökonomen und Landwirte
Band 2 |
| Tags: |
Sem tags, seja o primeiro a adicionar uma tag!
|
MARC
| LEADER | 00000nam a2200000 4500 | ||
|---|---|---|---|
| 001 | c112685 | ||
| 005 | 20041019155153.6 | ||
| 041 | 0 | |a ger | |
| 044 | |a DE | ||
| 245 | 1 | 0 | |a Differential- und Integralrechnung für Funktionen mit einer Variablen |c Ernst-Adam Pforr, Winfried Schirotzek |
| 250 | |a 5. bearb. Aufl. | ||
| 264 | 1 | |a Leipzig |b Teubner |c 1984 | |
| 300 | |a 244 s. | ||
| 490 | 1 | |a Mathematik für Ingenieure, Naturwissenschaftler, Ökonomen und Landwirte |v Band 2 | |
| 830 | 0 | |a Mathematik für Ingenieure, Naturwissenschaftler, Ökonomen und Landwirte |v Band 2 | |
| 100 | 1 | |a Pforr, Ernst-Adam | |
| 700 | 1 | |a Schirotzek, Winfried | |